[Event "Madrid ch 2018 - semifinal"]
[Site "Madrid ESP"]
[Date "2018.05.05"]
[Round "1.20"]
[White "Perez Diez, Victor"]
[Black "Gortazar Rubial, Javier Maria"]
[Result "1-0"]
[WhiteElo "1964"]
[BlackElo "1610"]
[PlyCount "123"]
[EventDate "2018.05.05"]
[EventType "swiss"]
[EventRounds "9"]
[EventCountry "ESP"]
[SourceTitle "Ajedrez en Madrid"]
[Source "lmi"]
[SourceDate "2018.05.05"]
[SourceVersion "1"]
[SourceVersionDate "2019.03.14"]
[SourceQuality "1"]

1. e4 e5 2. Nc3 Nf6 3. f4 d5 4. fxe5 Nxe4 5. Qf3 Nxc3 6. dxc3 Be6 7. Bf4 Nd7 8.
Qg3 g6 9. O-O-O Bg7 10. Nf3 c6 11. Kb1 Qc7 12. Bd3 Nc5 13. Nd4 O-O 14. Rde1 b5
15. h4 Nxd3 16. Nxe6 fxe6 17. cxd3 Rf5 18. d4 Qf7 19. Bg5 Rf8 20. Qe3 Re8 21.
Rh3 h5 22. Rg3 Kh7 23. Qd3 Bh6 24. Bxh6 Kxh6 25. Rge3 Rf8 26. Kc2 Rf2+ 27. R3e2
Qf4 28. g3 Qf3 29. Qd2+ Kh7 30. Rxf2 Qxf2 31. Re3 Qxd2+ 32. Kxd2 Rf2+ 33. Re2
Rf3 34. Rg2 Kh6 35. Ke2 Rf5 36. g4 hxg4 37. Rxg4 Kh5 38. Rg2 Rf4 39. Kd3 Rxh4
40. Rf2 Rh3+ 41. Ke2 g5 42. Rf6 Rh2+ 43. Kf3 g4+ 44. Kg3 Rh3+ 45. Kg2 Kg5 46.
Rxe6 Rh6 47. Rxh6 Kxh6 48. Kg3 Kg5 49. e6 Kf6 50. Kxg4 Kxe6 51. Kg5 a5 52. a3
a4 53. Kg6 Ke7 54. Kg7 Ke6 55. Kf8 Kf5 56. Ke7 Ke4 57. Kd6 Kd3 58. Kxc6 Kc4 59.
Kb6 Kb3 60. Kxb5 Kxb2 61. Kb4 Kc2 62. c4 1-0

[Event "Madrid ch 2018 - semifinal"]
[Site "Madrid ESP"]
[Date "2018.05.06"]
[Round "2.1"]
[White "Perez Gonzalez, Jose Manuel"]
[Black "Paarup, Torsten"]
[Result "1/2-1/2"]
[WhiteElo "2252"]
[BlackElo "2007"]
[PlyCount "100"]
[EventDate "2018.05.05"]
[EventType "swiss"]
[EventRounds "9"]
[EventCountry "ESP"]
[SourceTitle "Ajedrez en Madrid"]
[Source "lmi"]
[SourceDate "2018.05.05"]
[SourceVersion "1"]
[SourceVersionDate "2019.03.14"]
[SourceQuality "1"]

1. e4 c5 2. Nf3 d6 3. d4 cxd4 4. Nxd4 Nf6 5. Nc3 g6 6. Bc4 Bg7 7. h3 O-O 8. Bb3
Nc6 9. Be3 Na5 10. O-O Bd7 11. Re1 Rc8 12. Qd3 a6 13. Bg5 b5 14. Nd5 e6 15.
Nxf6+ Bxf6 16. Bxf6 Qxf6 17. c3 Rfd8 18. Rad1 Nc4 19. Bxc4 Rxc4 20. Re2 Bc8 21.
Nc2 Rc5 22. Red2 Bb7 23. Ne3 h5 24. f3 Qf4 25. Nf1 f5 26. exf5 gxf5 27. Qe3
Qxe3+ 28. Nxe3 d5 29. f4 Kf7 30. Re1 a5 31. a3 b4 32. axb4 axb4 33. cxb4 Rb5
34. Rd4 Rc8 35. Ra1 Ra8 36. Rxa8 Bxa8 37. Nd1 Bc6 38. Nc3 Rb7 39. Kf2 Kf6 40.
g3 e5 41. fxe5+ Kxe5 42. Ne2 Bb5 43. Rh4 Bxe2 44. Kxe2 d4 45. Rxh5 Rxb4 46. g4
Rxb2+ 47. Kd3 Rb3+ 48. Kc2 Rf3 49. Rxf5+ Rxf5 50. gxf5 Kxf5 1/2-1/2

[Event "Madrid ch 2018 - semifinal"]
[Site "Madrid ESP"]
[Date "2018.05.06"]
[Round "2.2"]
[White "Pindado Campos, Raul"]
[Black "Fernandez Lledo, Javier"]
[Result "1/2-1/2"]
[WhiteElo "2018"]
[BlackElo "2241"]
[PlyCount "101"]
[EventDate "2018.05.05"]
[EventType "swiss"]
[EventRounds "9"]
[EventCountry "ESP"]
[SourceTitle "Ajedrez en Madrid"]
[Source "lmi"]
[SourceDate "2018.05.05"]
[SourceVersion "1"]
[SourceVersionDate "2019.03.14"]
[SourceQuality "1"]

1. d4 Nf6 2. Nf3 e6 3. c4 d5 4. Nc3 Bb4 5. Bd2 O-O 6. e3 b6 7. Be2 c5 8. a3 Ba5
9. O-O Nc6 10. Ne5 Nxe5 11. dxe5 Bxc3 12. Bxc3 Ne8 13. Bf3 Nc7 14. b4 Ba6 15.
b5 Bb7 16. Qe2 Rb8 17. a4 a5 18. Rad1 Qe7 19. g3 Rfd8 20. h4 Ba8 21. Kg2 dxc4
22. Bxa8 Rxa8 23. e4 Rd3 24. Rxd3 cxd3 25. Qxd3 Rd8 26. Qe2 Qd7 27. Rb1 Kf8 28.
Rb2 Qd3 29. Qe1 Qc4 30. Rd2 Rxd2 31. Qxd2 Qxe4+ 32. Kg1 Qd5 33. Bxa5 bxa5 34.
Qxa5 Qb7 35. b6 Na6 36. Qb5 f6 37. exf6 gxf6 38. a5 Kf7 39. Qd3 f5 40. Qe2 h6
41. Qh5+ Kg7 42. Qe2 Kf6 43. f4 Ke7 44. Kh2 Kd7 45. Qb5+ Ke7 46. Qb2 Qe4 47.
Qg7+ Kd6 48. Qf8+ Kd7 49. Qf7+ Kc6 50. Qe8+ Kd6 51. Qd8+ 1/2-1/2

[Event "Madrid ch 2018 - semifinal"]
[Site "Madrid ESP"]
[Date "2018.05.06"]
[Round "2.3"]
[White "De La Fuente Gonzalez, Francisco"]
[Black "Perez Diez, Victor"]
[Result "1/2-1/2"]
[WhiteElo "2213"]
[BlackElo "1964"]
[PlyCount "80"]
[EventDate "2018.05.05"]
[EventType "swiss"]
[EventRounds "9"]
[EventCountry "ESP"]
[SourceTitle "Ajedrez en Madrid"]
[Source "lmi"]
[SourceDate "2018.05.05"]
[SourceVersion "1"]
[SourceVersionDate "2019.03.14"]
[SourceQuality "1"]

1. Nf3 f5 2. g3 Nf6 3. Bg2 g6 4. O-O Bg7 5. d4 O-O 6. c4 d6 7. Nc3 c6 8. d5 e5
9. dxe6 Bxe6 10. Qd3 Na6 11. Ng5 Re8 12. Bf4 h6 13. Nxe6 Rxe6 14. Rad1 Nc5 15.
Qd2 Nfe4 16. Nxe4 Nxe4 17. Bxe4 Rxe4 18. Bxh6 Bxh6 19. Qxh6 Qf6 20. Qd2 Rxc4
21. Qxd6 Qxd6 22. Rxd6 Rc2 23. Rfd1 Rxb2 24. Rxg6+ Kf7 25. Rh6 Kg7 26. Re6 Kf7
27. Re5 f4 28. Rd7+ Kf6 29. Ree7 fxg3 30. hxg3 Rxa2 31. Rxb7 a5 32. Rf7+ Ke6
33. e4 Ke5 34. Rbe7+ Kd4 35. e5 a4 36. e6 Ke5 37. f4+ Ke4 38. Ra7 Rb8 39. Rab7
Rd8 40. Rbd7 Rb8 1/2-1/2

[Event "Madrid ch 2018 - semifinal"]
[Site "Madrid ESP"]
[Date "2018.05.06"]
[Round "2.4"]
[White "Ruiz Quevedo, Andres"]
[Black "Iagar, Razvan-Gabriel"]
[Result "0-1"]
[WhiteElo "1895"]
[BlackElo "2213"]
[PlyCount "66"]
[EventDate "2018.05.05"]
[EventType "swiss"]
[EventRounds "9"]
[EventCountry "ESP"]
[SourceTitle "Ajedrez en Madrid"]
[Source "lmi"]
[SourceDate "2018.05.05"]
[SourceVersion "1"]
[SourceVersionDate "2019.03.14"]
[SourceQuality "1"]

1. Nf3 d5 2. g3 Nf6 3. Bg2 c6 4. O-O h6 5. d3 Bf5 6. c4 e6 7. Be3 Nbd7 8. Qb3
Qb8 9. Nc3 Be7 10. cxd5 exd5 11. Bf4 Qc8 12. Rac1 Nc5 13. Qd1 a5 14. Nd4 Bh7
15. e4 dxe4 16. Nxe4 Nfxe4 17. dxe4 O-O 18. Qh5 Nd3 19. Bh3 Qd8 20. Nf5 Bg6 21.
Nxh6+ gxh6 22. Qxh6 Nxc1 23. Rxc1 Bf6 24. Bf5 Bg7 25. Qh3 Qf6 26. Rc5 Rfe8 27.
Qg4 b6 28. Rc3 Rxe4 29. Bxe4 Bxe4 30. Re3 Bd5 31. Re1 Qg6 32. Qe2 Qe6 33. Qf1
Qg4 0-1

[Event "Madrid ch 2018 - semifinal"]
[Site "Madrid ESP"]
[Date "2018.05.06"]
[Round "2.5"]
[White "Martinez Fernandez, Raul"]
[Black "Cabañas Bravo, Juan Andres"]
[Result "1-0"]
[WhiteElo "2176"]
[BlackElo "1936"]
[PlyCount "53"]
[EventDate "2018.05.05"]
[EventType "swiss"]
[EventRounds "9"]
[EventCountry "ESP"]
[SourceTitle "Ajedrez en Madrid"]
[Source "lmi"]
[SourceDate "2018.05.05"]
[SourceVersion "1"]
[SourceVersionDate "2019.03.14"]
[SourceQuality "1"]

1. e4 e5 2. Nf3 Nc6 3. Bc4 Bc5 4. b4 Bxb4 5. c3 Bd6 6. d4 Nf6 7. O-O O-O 8.
Nbd2 h6 9. Bb2 Re8 10. Re1 Na5 11. Bd3 c5 12. dxe5 Bxe5 13. Nxe5 Rxe5 14. c4
Re8 15. e5 Nh7 16. Ne4 b6 17. Qf3 Bb7 18. Qg3 Ng5 19. Nd6 Rf8 20. f4 Ne6 21. f5
Ba6 22. fxe6 dxe6 23. Bc1 Kh8 24. Qh3 f5 25. Bxh6 Kg8 26. Bxg7 Kxg7 27. Re3 1-0

[Event "Madrid ch 2018 - semifinal"]
[Site "Madrid ESP"]
[Date "2018.05.06"]
[Round "2.6"]
[White "Fernandez Aransay, Fernando"]
[Black "Torres Boch, Jose Francisco"]
[Result "1/2-1/2"]
[WhiteElo "1871"]
[BlackElo "2137"]
[PlyCount "97"]
[EventDate "2018.05.05"]
[EventType "swiss"]
[EventRounds "9"]
[EventCountry "ESP"]
[SourceTitle "Ajedrez en Madrid"]
[Source "lmi"]
[SourceDate "2018.05.05"]
[SourceVersion "1"]
[SourceVersionDate "2019.03.14"]
[SourceQuality "1"]

1. e4 c5 2. Nf3 d6 3. d4 cxd4 4. Nxd4 Nf6 5. Nc3 a6 6. Bc4 e6 7. Bb3 Nbd7 8. f4
Nc5 9. f5 Be7 10. O-O O-O 11. fxe6 fxe6 12. Nf5 Kh8 13. Nxe7 Qxe7 14. Bg5 b5
15. Qd4 Bb7 16. e5 dxe5 17. Qxe5 Rac8 18. Rae1 Nxb3 19. cxb3 b4 20. Ne2 Rc5 21.
Qe3 Qd6 22. Bxf6 gxf6 23. Ng3 Qc6 24. Rf2 Ra5 25. Qxe6 Qxe6 26. Rxe6 Rxa2 27.
Rb6 Ra1+ 28. Rf1 Rxf1+ 29. Kxf1 Bd5 30. Rxb4 Rc8 31. Rb6 Rc1+ 32. Kf2 Rc2+ 33.
Ne2 Kg7 34. g3 Bc6 35. Ke3 Bb5 36. Nf4 Rxh2 37. Ne6+ Kg6 38. Nd4 Rxb2 39. Kf4
Bf1 40. g4 Rf2+ 41. Kg3 Rd2 42. Nf5 Rd7 43. Kf4 h6 44. Nh4+ Kf7 45. Nf5 Kg6 46.
Nh4+ Kf7 47. Nf5 Kg6 48. Nh4+ Kf7 49. Nf5 1/2-1/2

[Event "Madrid ch 2018 - semifinal"]
[Site "Madrid ESP"]
[Date "2018.05.06"]
[Round "2.7"]
[White "Aguilera Lopez, Alejandro"]
[Black "Fernandez Garcia, Ignacio"]
[Result "1-0"]
[WhiteElo "2098"]
[BlackElo "1804"]
[PlyCount "111"]
[EventDate "2018.05.05"]
[EventType "swiss"]
[EventRounds "9"]
[EventCountry "ESP"]
[SourceTitle "Ajedrez en Madrid"]
[Source "lmi"]
[SourceDate "2018.05.05"]
[SourceVersion "1"]
[SourceVersionDate "2019.03.14"]
[SourceQuality "1"]

1. d4 b5 2. Nf3 Bb7 3. Nbd2 Nf6 4. e3 c6 5. Bd3 g6 6. c3 Bg7 7. e4 O-O 8. O-O
Na6 9. e5 Nd5 10. Ne4 d6 11. Bg5 f6 12. Bh4 dxe5 13. dxe5 Nf4 14. Bc2 c5 15.
exf6 exf6 16. Bg3 Qxd1 17. Raxd1 Ne2+ 18. Kh1 Nxg3+ 19. hxg3 Rad8 20. Nd6 Bc6
21. Bb3+ c4 22. Nxc4 bxc4 23. Bxc4+ Kh8 24. Bxa6 Rb8 25. Nd4 Bd7 26. b3 f5 27.
f4 Rb6 28. Bc4 h6 29. Rfe1 Bf6 30. a4 g5 31. a5 Rd6 32. Nf3 Rxd1 33. Rxd1 Bc6
34. Ne5 Be8 35. Rd6 h5 36. Re6 Kg7 37. Ra6 h4 38. Rxa7+ Kh6 39. fxg5+ Kxg5 40.
gxh4+ Kf4 41. Nd7 Bxd7 42. Rxd7 Rh8 43. a6 Bxh4 44. Kg1 Bd8 45. Kf2 Bb6+ 46.
Ke2 Re8+ 47. Kd2 Be3+ 48. Kd3 Ra8 49. b4 Ra7 50. Rd6 Bg1 51. b5 Ke5 52. Re6+
Kf4 53. b6 Rd7+ 54. Kc2 Kg3 55. a7 Rd8 56. Bd5 1-0

[Event "Madrid ch 2018 - semifinal"]
[Site "Madrid ESP"]
[Date "2018.05.06"]
[Round "2.8"]
[White "Carrasco Coquillat, Jorge"]
[Black "Lin, Yingrui"]
[Result "0-1"]
[WhiteElo "1840"]
[BlackElo "2188"]
[PlyCount "96"]
[EventDate "2018.05.05"]
[EventType "swiss"]
[EventRounds "9"]
[EventCountry "ESP"]
[SourceTitle "Ajedrez en Madrid"]
[Source "lmi"]
[SourceDate "2018.05.05"]
[SourceVersion "1"]
[SourceVersionDate "2019.03.14"]
[SourceQuality "1"]

1. c4 Nf6 2. Nc3 e6 3. e4 d5 4. e5 d4 5. exf6 dxc3 6. bxc3 Qxf6 7. d4 h6 8. Nf3
Nd7 9. Bd3 b6 10. Be4 Rb8 11. Qa4 Bd6 12. Bc6 a6 13. Rb1 Qg6 14. Rb2 O-O 15.
O-O Rd8 16. Be3 e5 17. c5 bxc5 18. Rxb8 Nxb8 19. dxc5 Bxc5 20. Be4 Qd6 21. Bxc5
Qxc5 22. Rd1 Rxd1+ 23. Qxd1 Qd6 24. Qd3 Nd7 25. Bd5 Nc5 26. Bxf7+ Kf8 27. Qd5
Bb7 28. Qxd6+ cxd6 29. Bc4 Na4 30. Nh4 Nxc3 31. Nf5 d5 32. Bb3 a5 33. Ne3 a4
34. Bc2 Ke7 35. f3 Kd6 36. a3 Kc5 37. Kf2 Bc6 38. Ke1 d4 39. Nf5 Nd5 40. Kd2
Nf4 41. g3 Ne6 42. Bd1 Ng5 43. Nh4 Kc4 44. f4 Ne4+ 45. Kc2 d3+ 46. Kb2 Nf2 47.
Bh5 e4 48. Ng2 Kd4 0-1

[Event "Madrid ch 2018 - semifinal"]
[Site "Madrid ESP"]
[Date "2018.05.06"]
[Round "2.9"]
[White "Cuellar Gutierrez, Raul"]
[Black "Sanchez Garcia, Aurelio"]
[Result "1/2-1/2"]
[WhiteElo "1922"]
[BlackElo "2060"]
[PlyCount "68"]
[EventDate "2018.05.05"]
[EventType "swiss"]
[EventRounds "9"]
[EventCountry "ESP"]
[SourceTitle "Ajedrez en Madrid"]
[Source "lmi"]
[SourceDate "2018.05.05"]
[SourceVersion "1"]
[SourceVersionDate "2019.03.14"]
[SourceQuality "1"]

1. d4 g6 2. c4 Bg7 3. g3 c5 4. Nf3 cxd4 5. Nxd4 Nc6 6. Nxc6 bxc6 7. Bg2 Nf6 8.
O-O O-O 9. Nc3 Qa5 10. Bd2 Qh5 11. e4 Qxd1 12. Raxd1 Ne8 13. b3 Nc7 14. Ne2 d6
15. Bc3 Bg4 16. Bxg7 Bxe2 17. Bxf8 Kxf8 18. Rd2 Bxf1 19. Kxf1 c5 20. e5 Rd8 21.
exd6 exd6 22. Bc6 Ne6 23. Ke1 Nd4 24. Bd5 Rb8 25. Kd1 f5 26. Kc1 Ke7 27. Kb2
Kf6 28. Kc3 f4 29. b4 Kf5 30. h3 Re8 31. b5 fxg3 32. fxg3 Re3+ 33. Rd3 Re2 34.
Rd2 Re3+ 1/2-1/2

[Event "Madrid ch 2018 - semifinal"]
[Site "Madrid ESP"]
[Date "2018.05.06"]
[Round "2.11"]
[White "Lopez De Turiso, Jose Angel"]
[Black "Marcos Herrero, Francisco"]
[Result "1/2-1/2"]
[WhiteElo "2022"]
[BlackElo "1896"]
[PlyCount "40"]
[EventDate "2018.05.05"]
[EventType "swiss"]
[EventRounds "9"]
[EventCountry "ESP"]
[SourceTitle "Ajedrez en Madrid"]
[Source "lmi"]
[SourceDate "2018.05.05"]
[SourceVersion "1"]
[SourceVersionDate "2019.03.14"]
[SourceQuality "1"]

1. d4 Nf6 2. c4 c5 3. Nf3 g6 4. Nc3 cxd4 5. Nxd4 Bg7 6. g3 Nc6 7. Bg2 O-O 8.
O-O Nxd4 9. Qxd4 d6 10. Bg5 Be6 11. Qh4 Rc8 12. b3 Qd7 13. Rac1 Rc5 14. Nd5
Rfc8 15. b4 Bxd5 16. cxd5 Rxc1 17. Bxc1 Qb5 18. Qd4 b6 19. Qd2 Rc4 20. a3 Qa4
1/2-1/2

[Event "Madrid ch 2018 - semifinal"]
[Site "Madrid ESP"]
[Date "2018.05.06"]
[Round "2.12"]
[White "Santamaria Baeza, Adolfo"]
[Black "Carrasco Coquillat, Alvaro"]
[Result "1-0"]
[WhiteElo "1901"]
[BlackElo "1869"]
[PlyCount "75"]
[EventDate "2018.05.05"]
[EventType "swiss"]
[EventRounds "9"]
[EventCountry "ESP"]
[SourceTitle "Ajedrez en Madrid"]
[Source "lmi"]
[SourceDate "2018.05.05"]
[SourceVersion "1"]
[SourceVersionDate "2019.03.14"]
[SourceQuality "1"]

1. e4 c5 2. Nf3 d6 3. d4 cxd4 4. Nxd4 Nf6 5. Nc3 a6 6. Bc4 e6 7. Bb3 Nbd7 8.
O-O Nc5 9. Re1 Be7 10. Nf3 O-O 11. Bf4 b5 12. Nd2 Bb7 13. a3 Nxb3 14. Nxb3 Rc8
15. Qe2 e5 16. Bd2 Rc4 17. f3 Qc7 18. Rad1 Rd8 19. Qf2 d5 20. Nxd5 Nxd5 21. Ba5
Qc8 22. Bxd8 Bxd8 23. exd5 Rxc2 24. Rc1 Rc4 25. Rxc4 bxc4 26. Nc1 Qb8 27. Qc5
Ba8 28. Qxc4 Qxb2 29. Qc8 Qb6+ 30. Kh1 Bxd5 31. Rd1 Qd6 32. Qa8 Bxa8 33. Rxd6
Be7 34. Rxa6 Bd5 35. Ra5 Bc6 36. Nd3 f6 37. Ra7 Kf7 38. Nb4 1-0

[Event "Madrid ch 2018 - semifinal"]
[Site "Madrid ESP"]
[Date "2018.05.06"]
[Round "2.13"]
[White "Nuñez Muñoz, Jesus"]
[Black "Alvarez Abejon, Amilcar"]
[Result "1-0"]
[WhiteElo "2193"]
[BlackElo "1951"]
[PlyCount "111"]
[EventDate "2018.05.05"]
[EventType "swiss"]
[EventRounds "9"]
[EventCountry "ESP"]
[SourceTitle "Ajedrez en Madrid"]
[Source "lmi"]
[SourceDate "2018.05.05"]
[SourceVersion "1"]
[SourceVersionDate "2019.03.14"]
[SourceQuality "1"]

1. e4 e6 2. d4 d5 3. Nd2 c5 4. exd5 exd5 5. Ngf3 Nc6 6. Bb5 Bd6 7. O-O Nge7 8.
dxc5 Bxc5 9. Nb3 Bd6 10. Re1 O-O 11. Bg5 Bg4 12. c3 Qc7 13. h3 Bh5 14. Bxe7
Nxe7 15. Be2 Rad8 16. Nfd4 Bxe2 17. Qxe2 a6 18. Rad1 Qb6 19. Qf3 g6 20. Re2 Nc6
21. g3 a5 22. a4 Bb8 23. Rde1 Nxd4 24. Nxd4 Qd6 25. Kg2 Qd7 26. Nb5 Qc6 27. Rd1
Rd7 28. h4 h5 29. Rd4 Kg7 30. Red2 Rfd8 31. c4 Be5 32. Rxd5 Rxd5 33. Rxd5 Re8
34. b3 Re6 35. Qd3 Qb6 36. Nd4 Bxd4 37. Qxd4+ Qxd4 38. Rxd4 Kf6 39. Rd5 b6 40.
Kf3 Ke7 41. Kf4 Rf6+ 42. Ke3 Ke6 43. f3 Ke7 44. g4 hxg4 45. fxg4 Rf1 46. Rb5
Rf6 47. c5 bxc5 48. Rxc5 Rb6 49. Rb5 Re6+ 50. Kf4 Ra6 51. Kg5 Ke6 52. h5 gxh5
53. gxh5 Ke7 54. h6 f5 55. Rxf5 Ra8 56. h7 1-0

[Event "Madrid ch 2018 - semifinal"]
[Site "Madrid ESP"]
[Date "2018.05.06"]
[Round "2.14"]
[White "Mkrtchyan, Levon"]
[Black "Baeza Escudero, Javier"]
[Result "0-1"]
[WhiteElo "2141"]
[BlackElo "1913"]
[PlyCount "62"]
[EventDate "2018.05.05"]
[EventType "swiss"]
[EventRounds "9"]
[EventCountry "ESP"]
[SourceTitle "Ajedrez en Madrid"]
[Source "lmi"]
[SourceDate "2018.05.05"]
[SourceVersion "1"]
[SourceVersionDate "2019.03.14"]
[SourceQuality "1"]

1. e4 e6 2. d4 d5 3. Nc3 Nf6 4. Bg5 Be7 5. e5 Nfd7 6. Bxe7 Qxe7 7. f4 O-O 8.
Nf3 c5 9. dxc5 Qxc5 10. Qd2 a6 11. Bd3 g6 12. Ne2 Nc6 13. c3 b5 14. b4 Qe7 15.
O-O Nb6 16. Ned4 Nxd4 17. Nxd4 Bb7 18. g4 Qh4 19. Qg2 Rac8 20. Rac1 Na4 21. Nf3
Qh6 22. Qd2 Qh3 23. g5 d4 24. Nxd4 Nxc3 25. Rfe1 Qg4+ 26. Kf1 Rfd8 27. Rxc3
Rxc3 28. Be4 Bxe4 29. Rxe4 Rf3+ 30. Nxf3 Rxd2 31. Nxd2 Qd1+ 0-1

[Event "Madrid ch 2018 - semifinal"]
[Site "Madrid ESP"]
[Date "2018.05.06"]
[Round "2.15"]
[White "Vukotic Jovsic, Dragan"]
[Black "Gonzalez Rivera, Eduardo"]
[Result "1-0"]
[WhiteElo "1958"]
[BlackElo "2047"]
[PlyCount "72"]
[EventDate "2018.05.05"]
[EventType "swiss"]
[EventRounds "9"]
[EventCountry "ESP"]
[SourceTitle "Ajedrez en Madrid"]
[Source "lmi"]
[SourceDate "2018.05.05"]
[SourceVersion "1"]
[SourceVersionDate "2019.03.14"]
[SourceQuality "1"]

1. d4 d5 2. Bf4 Nf6 3. e3 Bf5 4. Nf3 e6 5. Bd3 Bg6 6. Qe2 c6 7. Nbd2 Qb6 8.
O-O-O Nbd7 9. Ne5 Nxe5 10. Bxe5 Nd7 11. Bf4 Bxd3 12. Qxd3 c5 13. c3 Rc8 14. Kb1
a5 15. c4 cxd4 16. cxd5 e5 17. Nc4 Rxc4 18. Qxc4 exf4 19. exd4 Ke7 20. Qc8 Kd6
21. Rhe1 Qc7 22. Qe8 Nf6 23. Re6+ Kxd5 24. Re5+ Kd6 25. Qb5 Qc6 26. Qxa5 b6 27.
Qa7 Qc7 28. Qa8 Qc6 29. Qd8+ Nd7 30. Rc1 Qb7 31. b4 f6 32. Re8 g5 33. b5 Bg7
34. Rc6+ Kd5 35. f3 Rxe8 36. Qxe8 Ne5 1-0

[Event "Madrid ch 2018 - semifinal"]
[Site "Madrid ESP"]
[Date "2018.05.06"]
[Round "2.16"]
[White "Camarero Izquierdo, Juan Carlos"]
[Black "Barragan Arriaza, Pablo"]
[Result "0-1"]
[WhiteElo "1911"]
[BlackElo "2030"]
[PlyCount "94"]
[EventDate "2018.05.05"]
[EventType "swiss"]
[EventRounds "9"]
[EventCountry "ESP"]
[SourceTitle "Ajedrez en Madrid"]
[Source "lmi"]
[SourceDate "2018.05.05"]
[SourceVersion "1"]
[SourceVersionDate "2019.03.14"]
[SourceQuality "1"]

1. d4 d5 2. Nc3 Nf6 3. Bg5 h6 4. Bh4 e6 5. f3 Bb4 6. Qd3 c5 7. dxc5 Nbd7 8. e4
Qa5 9. Bxf6 Nxf6 10. Nge2 dxe4 11. fxe4 Bd7 12. O-O-O Bc6 13. Kb1 Qxc5 14. Qg3
O-O 15. e5 Ne4 16. Nxe4 Bxe4 17. Nd4 Rfd8 18. Qf2 Rac8 19. Kc1 Bxc2 20. Qxc2
Qd5 21. Nc6 Rxc6 22. Rxd5 Rxc2+ 23. Kxc2 Rxd5 24. Bc4 Rxe5 25. Rd1 Ba5 26. Rd7
Rc5 27. Kb3 Rc7 28. Rd8+ Kh7 29. Ra8 Bb6 30. a4 Kg6 31. Kc3 e5 32. b4 Kf5 33.
a5 Bg1 34. b5 b6 35. a6 Rd7 36. h3 Bc5 37. Be2 Kf4 38. Bg4 f5 39. Bh5 e4 40.
Be8 Re7 41. Kd2 Kg3 42. Ke2 Kxg2 43. Bc6 f4 44. Kd1 f3 45. Bxe4 Rxe4 46. Rxa7
g5 47. Rc7 f2 0-1

[Event "Madrid ch 2018 - semifinal"]
[Site "Madrid ESP"]
[Date "2018.05.06"]
[Round "2.17"]
[White "De Luna Butz, Alberto"]
[Black "Spitzer Isbert, Ramon"]
[Result "1-0"]
[WhiteElo "1815"]
[BlackElo "2019"]
[PlyCount "99"]
[EventDate "2018.05.05"]
[EventType "swiss"]
[EventRounds "9"]
[EventCountry "ESP"]
[SourceTitle "Ajedrez en Madrid"]
[Source "lmi"]
[SourceDate "2018.05.05"]
[SourceVersion "1"]
[SourceVersionDate "2019.03.14"]
[SourceQuality "1"]

1. Nf3 Nf6 2. c4 g6 3. b4 a5 4. b5 Bg7 5. Bb2 O-O 6. g3 d6 7. Bg2 Nbd7 8. O-O
e5 9. Nc3 Nc5 10. Na4 Ne6 11. Qb3 Nd7 12. d3 Re8 13. Rad1 Kh8 14. Qc2 f5 15. e3
Qe7 16. Nc3 Nf6 17. d4 e4 18. Nd2 c6 19. bxc6 bxc6 20. Ba3 Ba6 21. Rb1 Qc7 22.
Rfc1 Reb8 23. Bf1 Bc8 24. Na4 Bd7 25. c5 dxc5 26. Nxc5 Nxc5 27. Bxc5 Be6 28.
Rxb8+ Rxb8 29. Rb1 h5 30. a3 h4 31. Rxb8+ Qxb8 32. Qa4 Bd5 33. Qxa5 Ng4 34. Qb4
Qg8 35. a4 Qh7 36. Qb8+ Bg8 37. gxh4 Be5 38. Bd6 Bxd6 39. Qxd6 Qxh4 40. Qg3 Qd8
41. h3 Nf6 42. Qxg6 Bh7 43. Qg5 Qf8 44. a5 Nd5 45. a6 Qa3 46. Qd8+ Bg8 47. Qb8
Nxe3 48. a7 Nxf1 49. Nxf1 e3 50. fxe3 1-0

[Event "Madrid ch 2018 - semifinal"]
[Site "Madrid ESP"]
[Date "2018.05.06"]
[Round "2.18"]
[White "Vazquez Gonzalez, Jesus"]
[Black "Cardena Contreras, Javier"]
[Result "0-1"]
[WhiteElo "1977"]
[BlackElo "1909"]
[PlyCount "96"]
[EventDate "2018.05.05"]
[EventType "swiss"]
[EventRounds "9"]
[EventCountry "ESP"]
[SourceTitle "Ajedrez en Madrid"]
[Source "lmi"]
[SourceDate "2018.05.05"]
[SourceVersion "1"]
[SourceVersionDate "2019.03.14"]
[SourceQuality "1"]

1. c4 e6 2. g3 d5 3. cxd5 exd5 4. Bg2 Nf6 5. d4 Be7 6. Nc3 O-O 7. Nf3 Bg4 8.
O-O Qc8 9. Qb3 c6 10. Ne5 Bf5 11. f3 c5 12. e3 c4 13. Qd1 Bh3 14. Qe2 Bxg2 15.
Qxg2 Rd8 16. f4 Nc6 17. Bd2 Rb8 18. h3 b5 19. g4 b4 20. Ne2 Ne4 21. Be1 f6 22.
Nxc6 Qxc6 23. Ng3 Nxg3 24. Bxg3 c3 25. Rac1 Qc4 26. bxc3 bxc3 27. Rc2 Qd3 28.
Re1 a5 29. Qe2 Qxe2 30. Rexe2 Rbc8 31. Be1 Bb4 32. a3 Bxa3 33. Bxc3 Bb4 34.
Bxb4 axb4 35. Rxc8 Rxc8 36. Rb2 Rc4 37. Kf2 Kf7 38. Ke2 Ke6 39. Kd3 Kd6 40. Rc2
Rxc2 41. Kxc2 Kc6 42. Kd3 Kb5 43. g5 b3 44. Kc3 Ka4 45. Kb2 Kb4 46. h4 h6 47.
e4 dxe4 48. d5 e3 0-1

[Event "Madrid ch 2018 - semifinal"]
[Site "Madrid ESP"]
[Date "2018.05.06"]
[Round "2.19"]
[White "Gortazar Rubial, Javier Maria"]
[Black "Garcia Serrano, Jose Manuel"]
[Result "1/2-1/2"]
[WhiteElo "1610"]
[BlackElo "1961"]
[PlyCount "34"]
[EventDate "2018.05.05"]
[EventType "swiss"]
[EventRounds "9"]
[EventCountry "ESP"]
[SourceTitle "Ajedrez en Madrid"]
[Source "lmi"]
[SourceDate "2018.05.05"]
[SourceVersion "1"]
[SourceVersionDate "2019.03.14"]
[SourceQuality "1"]

1. e4 e5 2. Nf3 Nc6 3. Bb5 a6 4. Ba4 Nf6 5. O-O Be7 6. Re1 b5 7. Bb3 O-O 8. h3
d5 9. exd5 Nxd5 10. Nxe5 Nxe5 11. Rxe5 Nb6 12. d3 Bd6 13. Re1 c5 14. Be3 Bb7
15. Nd2 Rc8 16. Qg4 Bb8 17. Bf4 c4 1/2-1/2

[Event "Madrid ch 2018 - semifinal"]
[Site "Madrid ESP"]
[Date "2018.05.07"]
[Round "3.1"]
[White "Iagar, Razvan-Gabriel"]
[Black "Martinez Fernandez, Raul"]
[Result "1/2-1/2"]
[WhiteElo "2213"]
[BlackElo "2176"]
[PlyCount "57"]
[EventDate "2018.05.05"]
[EventType "swiss"]
[EventRounds "9"]
[EventCountry "ESP"]
[SourceTitle "Ajedrez en Madrid"]
[Source "lmi"]
[SourceDate "2018.05.05"]
[SourceVersion "1"]
[SourceVersionDate "2019.03.14"]
[SourceQuality "1"]

1. d4 d5 2. c4 c6 3. Nc3 Nf6 4. cxd5 cxd5 5. Bf4 Nc6 6. e3 Bf5 7. Nf3 e6 8. Bb5
Nd7 9. Qa4 Rc8 10. O-O a6 11. Bxc6 Rxc6 12. Rfc1 Qb6 13. Nd1 Be7 14. Rxc6 Qxc6
15. Qxc6 bxc6 16. Rc1 c5 17. dxc5 Nxc5 18. Nd4 Nd3 19. Rc8+ Bd8 20. Nxf5 exf5
21. Bc7 Kd7 22. Rxd8+ Rxd8 23. Bxd8 Kxd8 24. Kf1 f4 25. exf4 Nxf4 26. g3 Nd3
27. a3 Kd7 28. Ke2 Ne5 29. f4 1/2-1/2